| 000 | 00359nam a2200097Ia 4500 | ||
|---|---|---|---|
| 008 | 160523s9999 xx 000 0 und d | ||
| 245 | _aRole of Ecotourısm in Sustaınable Development FROM Advances in Landscape Architecture | ||
| 245 | _cEdited by Murat Özyavuz | ||
| 260 | _c2013 | ||
| 856 | _uhttp://www.intechopen.com/books/advances-in-landscape-architecture | ||
| 999 |
_c294854 _d294854 |
||